| 000 | 004410000a22001810004500 | ||
|---|---|---|---|
| 003 | MACL | ||
| 005 | 20150730152451.0 | ||
| 008 | 150730b xxu||||| |||| 00| 0 eng d | ||
| 040 |
_aMACL _cMACL |
||
| 041 | _aEnglish | ||
| 082 | _a516/SIN | ||
| 100 |
_aBajani, G. _93486 |
||
| 245 | _aEuclidean Transformation Geometry | ||
| 260 |
_bBest Books _c2009 _aKolkata |
||
| 350 | _a120.00 | ||
| 650 |
_aGoemetry _93487 |
||
| 942 |
_cBK _k516/SIN _2ddc |
||
| 999 |
_c44506 _d44506 |
||